Nairobi Narrative (Record no. 3014)

MARC details
000 -LEADER
fixed length control field 00618nam a2200253 a 4500
020 ## - INTERNATIONAL STANDARD BOOK NUMBER
ISBN
082 00 - DEWEY DECIMAL CLASSIFICATION NUMBER
Classification number 206
Author Cutter SLA
100 ## - MAIN ENTRY--AUTHOR NAME
Author name Slack, Kenneth
245 ## - TITLE STATEMENT
Title Nairobi Narrative
260 ## - PUBLICATION, DISTRIBUTION, ETC. (IMPRINT)
Place of publication London
Name of publisher Scm Press
Year of publication 1976
300 ## - PHYSICAL DESCRIPTION
Number of Pages 90p
500 ## - GENERAL NOTE
General note includes index and biblioraphy
505 2# - FORMATTED CONTENTS NOTE
Formatted contents note Bibliography, Index
650 ## - SUBJECT ADDED ENTRY--TOPICAL TERM
Topical Term Nairobi Conference 1975-Wcc
650 ## - SUBJECT ADDED ENTRY--TOPICAL TERM
Topical Term World Council of Churches
942 ## - ADDED ENTRY ELEMENTS (KOHA)
Koha item type Books
700 1# -
-- Slack, Kenneth
Holdings
Collection code Home library Current library Date acquired Cost, normal purchase price Full call number Accession Number Koha item type
  Henry Martyn Institute Library Henry Martyn Institute Library 07/31/2007 100.00 206 SLA 09731 Books
                   Copyright © 2026 | Henry Martyn Institute | Hyderabad | TS-500052 | INDIA | Implemented by hmi.edu.in
Hit-Count:

Powered by Koha